Leyendas y romances de ciego / (Record no. 18270)

MARC details
000 -LEADER
campo de control de longitud fija 00814nam a2200277 i 4500
001 - NÚMERO DE CONTROL
campo de control 18270
003 - IDENTIFICADOR DE NÚMERO DE CONTROL
campo de control ES-MaACL
005 - FECHA Y HORA DE LA ÚLTIMA TRANSACCIÓN
campo de control 20250911062635.0
007 - CAMPO FIJO DE DESCRIPCIÓN FÍSICA--INFORMACIÓN GENERAL
campo de control de longitud fija t|
008 - DATOS DE LONGITUD FIJA--INFORMACIÓN GENERAL
campo de control de longitud fija 011015s2000 sp ||||0| spa j
020 ## - NÚMERO INTERNACIONAL ESTÁNDAR DEL LIBRO
Número Internacional Estándar del Libro 84-233-3279-9
040 ## - FUENTE DE CATALOGACIÓN
Centro catalogador/agencia de origen M-BN
Lengua de catalogación spa
Centro/agencia transcriptor M-BN
080 ## - NÚMERO DE LA CLASIFICACIÓN DECIMAL UNIVERSAL
Número de la Clasificación Decimal Universal 821.162.3-34"19"
100 1# - ENTRADA PRINCIPAL--NOMBRE DE PERSONA
Nombre de persona Hrabal, Bohumil.
9 (RLIN) 64451
245 10 - MENCIÓN DEL TÍTULO
Título Leyendas y romances de ciego /
Mención de responsabilidad, etc. Bohumil Hrabal ; traducción de Luisa Rancaño y Núria Mirabet.
250 ## - MENCION DE EDICION
Mención de edición 1ª ed.
260 ## - PUBLICACIÓN, DISTRIBUCIÓN, ETC.
Lugar de publicación, distribución, etc. Barcelona :
Nombre del editor, distribuidor, etc. Destino,
Fecha de publicación, distribución, etc. 2000.
300 ## - DESCRIPCIÓN FÍSICA
Extensión 233 p. ;
Dimensiones 23 cm.
490 1# - MENCIÓN DE SERIE
Mención de serie Ancora y delfín ;
Designación de volumen o secuencia 914
700 1# - ENTRADA AGREGADA--NOMBRE PERSONAL
Nombre de persona Rancaño, Luisa.
9 (RLIN) 95392
700 1# - ENTRADA AGREGADA--NOMBRE PERSONAL
Nombre de persona Mirabet, Núria.
9 (RLIN) 81466
830 00 - PUNTO DE ACCESO ADICIONAL DE SERIE-TÍTULO UNIFORME
Título uniforme Áncora y Delfín
Designación de volumen o secuencia 914
9 (RLIN) 151298
852 ## - LOCALIZACIÓN
Ubicación ES-MaACL
Número de control de estantería L-24975
Sublocalización o colección R.130353
Holdings
Estatus retirado Estado de pérdida Estado de daño No para préstamo Biblioteca de origen Biblioteca actual Ubicación en estantería Fecha de adquisición Fuente de adquisición Total de préstamos Signatura topográfica completa Código de barras Visto por última vez Precio de reemplazo Tipo de ítem Koha
        Biblioteca del Ateneo de Madrid Biblioteca del Ateneo de Madrid Depósito 2 17/01/2008     L-24975 1018679 23/02/2023 23/02/2023 Libro impreso